|
|
|
|
| LEADER |
00000ny a22000003n 4500 |
| 005 |
20110510150537.0 |
| 008 |
950713c19uu9999mx mr 0 b spa |
| 035 |
|
|
|a 2691
|
| 040 |
|
|
|a BUS
|d vLex
|
| 090 |
|
|
|c 1594
|d 1594
|
| 245 |
3 |
0 |
|a Archivos de criminologa̕, criminals̕tica y seguridad privada
|h [Recurso electrn̤ico]
|
| 256 |
|
|
|a Servicio en ln̕ea
|
| 260 |
|
|
|a [Mx̌ico] :
|b Sociedad Mexicana de Criminologa̕
|
| 506 |
1 |
|
|a Contenido solo disponible en los productos indicados
|d vLex Global
|d vLex Global (Academic Edition, excluding Law Schools)
|d vLex Global (U.S. Academic Edition, Law Schools)
|d vLex Global (U.S. Academic Edition, excluding Law Schools)
|d vLex Global (Academic Edition, Law Schools)
|
| 650 |
0 |
4 |
|a Criminologa̕
|x Publicaciones perid̤icas
|
| 650 |
0 |
4 |
|a Polt̕ica criminal y criminologa̕
|
| 650 |
0 |
4 |
|a Seguridad privada
|
| 650 |
0 |
4 |
|a Penal
|
| 740 |
0 |
|
|a vLex Revista (Servicios en ln̕ea)
|
| 843 |
|
|
|a Electrn̤ica. Abierta
|
| 853 |
|
|
|8 1
|i (year)
|j (month)
|k (day)
|
| 856 |
4 |
0 |
|u http://vlex.com/source/2691
|z Acceso restringido
|
| 942 |
|
|
|c REV
|